| 000 | 01198nam0a2200325 4500 | ||
|---|---|---|---|
| 001 | RU\NLR\BIBL_A\011959404 | ||
| 005 | 20260410102811.0 | ||
| 010 |
_a978-5-6040860-8-7 _91000 |
||
| 021 |
_aRU _bКН-П-19-009802 _9КН-П-19-0728 |
||
| 035 | _a(NLR Aleph) 011959404 | ||
| 035 | _a(RuMoRGB)009893418 | ||
| 090 |
_a11195065 _c11195065 |
||
| 100 | _a20190313d2018 b y0rusy50 ca | ||
| 101 | 0 | _arus | |
| 102 | _aRU | ||
| 105 | _aa zzzz||||ya | ||
| 200 | 1 |
_aЗабота _fИрина Поперёкова, Екатерина Бахарева |
|
| 210 |
_a[Б. м. _cб. и.] _d2018 _eОтпечатано в типографии "Кси-Принт" |
||
| 215 |
_a8 с. _cцв. ил. _d20 |
||
| 225 | 1 | _aЯ читаю сам! | |
| 309 | _aБез тит. с. Описано по обл. | ||
| 686 | 0 | _aШ9(2)60=Р7-4 | |
| 700 | 1 |
_7ca _8rus _aПоперёкова _bИ. _gИрина _9186759 _3RU\NLR\AUTH\770186810 |
|
| 701 | 1 |
_7ca _8rus _aБахарева _bЕ. Н. _gЕкатерина Н. _92704714 _3RU\NLR\AUTH\770292153 |
|
| 942 | _cBOOK | ||
| 980 | _aNBR | ||
| 980 | _aNB | ||